000 00533nam a2200193Ia 4500
008 151121s9999||||xx |||||||||||||| ||und||
082 _a920/CHA
082 _bHNW-32913
100 _aChaturvedi B। & Sykes M।
245 _aCharles Freer Andrews
260 _b"Pub। Division Govt। Of India, London।"
260 _c--
300 _a334
600 _aChaturvedi B। & Sykes M।
630 _aCharles Freer Andrews
700 _aChaturvedi B। & Sykes M।
730 _aCharles Freer Andrews
942 _cBOOK
999 _c1226249
_d1226246